7 Pór Roku: Wszystkie - Statystyki

Ogólne statystyki
  • Ten quiz został rozwiązany 34 razy
    31 od ostatniego zresetowania
  • Średni wynik to 5 z 7
Statystyki odpowiedzi
Pora Roku % Poprawnych
Wiosna
100%
Lato
97%
Zima
97%
Jesień
94%
Przedwiośnie
68%
Przedzimie
58%
Polecie
23%
Nie znaleziono quizów pasujących do podanych kryteriów
Rozkład punktacji
Procent ludzi z każdym wynikiem
Percentyl według liczby udzielonych odpowiedzi
Twoja historia wyników
Nie rozwiązałeś tego quizu od ostatniego zresetowania